000
00290nam a2200109Ia 4500
008
200302s9999 xx 000 0 und d
100
_a
Hans Banz
245
_a
Building Construction Details Practical Drawings
260
_b
C B S Publishers & Distributors
260
_c
1987
300
_a
258 P.,
999
_c
1046
_d
1046